LIBRARY ONLINE CATALOGUE

The Septuagint : (Record no. 21168)

MARC details
000 -LEADER
fixed length control field 01871cam a2200397 i 4500
001 - CONTROL NUMBER
control field 21803378
003 - CONTROL NUMBER IDENTIFIER
control field OSt
005 - DATE AND TIME OF LATEST TRANSACTION
control field 20260129164717.0
008 - FIXED-LENGTH DATA ELEMENTS--GENERAL INFORMATION
fixed length control field 201117t20212021ilu b 001 0 eng
010 ## - LIBRARY OF CONGRESS CONTROL NUMBER
LC control number 2020049309
020 ## - INTERNATIONAL STANDARD BOOK NUMBER
International Standard Book Number 9781433570520
Qualifying information (trade paperback)
020 ## - INTERNATIONAL STANDARD BOOK NUMBER
Canceled/invalid ISBN 9781433570551
Qualifying information (epub)
020 ## - INTERNATIONAL STANDARD BOOK NUMBER
Canceled/invalid ISBN 9781433570537
Qualifying information (pdf)
020 ## - INTERNATIONAL STANDARD BOOK NUMBER
Canceled/invalid ISBN 9781433570544
Qualifying information (mobi)
035 ## - SYSTEM CONTROL NUMBER
System control number 21803378
040 ## - CATALOGING SOURCE
Original cataloging agency DLC
Language of cataloging eng
Description conventions rda
Transcribing agency DLC
Modifying agency DLC
042 ## - AUTHENTICATION CODE
Authentication code pcc
050 00 - LIBRARY OF CONGRESS CALL NUMBER
Classification number BS744
Item number .L36 2021
082 00 - DEWEY DECIMAL CLASSIFICATION NUMBER
Classification number 221.4/8
Edition number 23
100 1# - MAIN ENTRY--PERSONAL NAME
Personal name Lanier, Gregory R.,
Relator term author.
245 14 - TITLE STATEMENT
Title The Septuagint :
Remainder of title what it is and why it matters /
Statement of responsibility, etc. Gregory R. Lanier and William A. Ross.
264 #1 - PRODUCTION, PUBLICATION, DISTRIBUTION, MANUFACTURE, AND COPYRIGHT NOTICE
Place of production, publication, distribution, manufacture Wheaton, Illinois :
Name of producer, publisher, distributor, manufacturer Crossway,
Date of production, publication, distribution, manufacture, or copyright notice [2021]
264 #4 - PRODUCTION, PUBLICATION, DISTRIBUTION, MANUFACTURE, AND COPYRIGHT NOTICE
Date of production, publication, distribution, manufacture, or copyright notice ©2021
300 ## - PHYSICAL DESCRIPTION
Extent 216 pages ;
Dimensions 21 cm
336 ## - CONTENT TYPE
Content type term text
Content type code txt
Source rdacontent
337 ## - MEDIA TYPE
Media type term unmediated
Media type code n
Source rdamedia
338 ## - CARRIER TYPE
Carrier type term volume
Carrier type code nc
Source rdacarrier
504 ## - BIBLIOGRAPHY, ETC. NOTE
Bibliography, etc Includes bibliographical references and indexes.
520 ## - SUMMARY, ETC.
Summary, etc. "This volume first addresses the nature of the Septuagint, who produced it and how, and its textual history. Then it considers the ways that study of the Septuagint affects our understanding of the Hebrew Bible, key textual and linguistic issues for New Testament study, and the position of the Septuagint within the concept of scriptural authority"--
Assigning source Provided by publisher.
630 00 - SUBJECT ADDED ENTRY--UNIFORM TITLE
Uniform title Bible.
Name of part/section of a work Old Testament
Language of a work Greek
General subdivision Versions
-- Septuagint
Form subdivision Introductions.
700 1# - ADDED ENTRY--PERSONAL NAME
Personal name Ross, William A.,
Dates associated with a name 1987-
Relator term author.
776 08 - ADDITIONAL PHYSICAL FORM ENTRY
Relationship information Online version :
Main entry heading Lanier, Gregory R., 1981-
Title The Septuagint
Place, publisher, and date of publication Wheaton : Crossway, 2021.
International Standard Book Number 9781433570537
Record control number (DLC) 2020049310
906 ## - LOCAL DATA ELEMENT F, LDF (RLIN)
a 7
b cbc
c orignew
d 1
e ecip
f 20
g y-gencatlg
942 ## - ADDED ENTRY ELEMENTS (KOHA)
Source of classification or shelving scheme Library of Congress Classification
Koha item type General Collection
Holdings
Withdrawn status Lost status Source of classification or shelving scheme Not for loan Home library Current library Shelving location Date acquired Source of acquisition Inventory number Total Checkouts Full call number Barcode Date last seen Copy number Price effective from Koha item type
    Library of Congress Classification   Kabarak, Main Campus Kabarak, Main Campus General Stacks 29/01/2026 Donation 2025/2081   BS744 .L36 2021 C.1 38998 29/01/2026 C.1 29/01/2026 General Collection